Surrey Places - Sudden Death - Statistics

General Stats
  • This quiz has been taken 96 times
  • The average score is 10 of 16
Answers on the Grid
Answers color-coded by a green-red scale on the quiz's grid according to % correct below.
Bagshot
Basingstoke
Camberley
Caterham
Chatham
Dorking
Epsom
Farnham
Godalming
Havant
Horley
Leatherhead
Loughborough
Luton
Mexborough
Newmarket
Northampton
Oxted
Redhill
Reigate
Rugby
Skegness
Staines
Stratford-upon-Avon
Taunton
Thetford
Walton-on-Thames
Watford
Weybridge
Woking
Wokingham
Worthing
 
Answer Stats
Answer % Correct
Woking
77%
Dorking
71%
Epsom
70%
Leatherhead
70%
Weybridge
70%
Godalming
68%
Redhill
66%
Walton-on-Thames
64%
Farnham
63%
Reigate
63%
Staines
57%
Oxted
55%
Camberley
54%
Caterham
54%
Bagshot
50%
Horley
45%
No matching quizzes found
Score Distribution
Percent of People with Each Score
Percentile by Number Answered
Your Score History
You have not taken this quiz